000
00294nam a22001337a 4500
008
170810b xxu||||| |||| 00| 0 eng d
020
_a
029236729738
041
_a
eng
080
_2
7TH
_a
004
100
_a
35
101
_a
SHK
245
_a
HOW THE INTERNET WORKS
_c
GRALLA,P
942
_2
udc
_c
BK
999
_c
23096
_d
23096